Decomposition of probability distributions /

Guardado en:
Autor Principal: Linnik, IU. V. 1915-1972.
Otros Autores: Taylor, S. J. (Editor )
Formato: Libro
Idioma:English
Russian
Publicado: Edinburgh : Oliver & Boyd, 1964.
Edición:1st English ed.
Etiquetas: Agregar Etiqueta
Sin Etiquetas, Sea el primero en etiquetar este registro!
LEADER 00704nam a22002055a 4500
001 MAT.inmabb001440
008 031124s1964####stk###########000#0#eng#d
005 20130227125841.0
245 1 0 |a Decomposition of probability distributions /  |c Yu. V. Linnik ; edited by S. J. Taylor. 
250 |a 1st English ed. 
260 |a Edinburgh :  |b Oliver & Boyd,  |c 1964. 
300 |a xii, 242 p. ;  |c 26 cm. 
500 |a Translation of: Razlozheniia veroiatnostnykh zakonov (1960). 
510 4 |a MR,  |c 32 #6512 
100 1 |a Linnik, IU. V.  |q (IUrii Vladimirovich),  |d 1915-1972. 
700 1 |a Taylor, S. J.  |4 edt 
084 |a 60Exx  |2 msc2000 
010 |a  65022738  
041 1 |a eng  |h rus 
859 |h 60  |i L758  |p A-1736  |b BIB. MATEMATICA